00446nam a2200109Ia 4500008004100000050002400041100003200065245009800097260008600195300002800281521002700309140724s9999 xx 000 0 und d aQA 76.5b.C822 2013 aCorpuz, Daniel Christian B. aOnline application system for Sunshine Recruitment Agency Inc. /cDaniel Christian B. Corpuz. aLas Piñas, Philippines :bSouthville International School and Colleges,cc2013. a41 p. :bill. ;c28 cm. aInformation Technology